Pokemon Type Combinations - Statistics

General Stats
  • This quiz has been taken 24 times
    21 since last reset
  • The average score is 86 of 162
Answer Stats
# of Pokemon Type Combo Answer % Correct
23 Bug Caterpie, Pinsir, Accelgor, and 20 more...
100%
37 Fire Charmander, Entei, Torkoal, and 34 more...
100%
75 Normal Eevee, Ditto, Arceus, and 72 more...
100%
30 Fighting Machamp, Tyrogue, Paldean Tauros, and 27 more...
100%
35 Electric Pikachu, Ampharos, Xurkitree, and 32 more...
100%
75 Water Squirtle, Magikarp, Suicune, and 72 more...
100%
41 Psychic Abra, Mewtwo, Unown, and 38 more...
92%
21 Fairy Clefairy, Sylveon, Comfey, and 18 more...
92%
17 Ground Dugtrio, Groudon, Mudbray, and 14 more...
92%
27 Normal & Flying Pidgey, Noctowl, Toucannon, and 24 more...
92%
20 Ice Snorunt, Castform Snowy Form, Cetitan, and 17 more...
92%
13 Dragon Dratini, Haxorus, Regidrago, and 10 more...
85%
16 Poison Ekans, Koffing, Muk, and 13 more...
85%
17 Rock Sudowoodo, Regirock, Rampardos, and 14 more...
85%
47 Grass Tangela, Chikorita, Teal Mask Ogerpon, and 44 more...
85%
14 Grass & Poison Bulbasaur, Vileplume, Roselia, and 11 more...
77%
14 Bug & Flying Scyther, Vespiquen, Mega Pinsir, and 11 more...
77%
15 Dark Umbreon, Poochyena, Darkrai, and 12 more...
77%
12 Bug & Poison Beedrill, Ariados, Whirlipide, and 9 more...
69%
12 Steel Klang, Mega Aggron, Galarian Meowth, and 9 more...
69%
9 Steel & Psychic Metagross, Necrozma Dusk Mane, Iron Crown, and 6 more...
69%
9 Psychic & Fairy Mr. Mime, Gardevoir, Galarian Rapidash, and 6 more...
69%
8 Dark & Flying Murkrow, Yveltal, Bombirdier, and 5 more...
69%
6 Fire & Flying Charizard, Moltres, Oricorio Baile Style, and 3 more...
62%
3 Water & Electric Chinchou, Lanturn, Wash Rotom
62%
6 Dragon & Flying Dragonite, Rayquaza, Noibat, and 3 more...
62%
4 Ghost & Poison Gastly, Gengar, Pecharunt, and 1 more...
62%
3 Ground & Flying Gligar, Gliscor, Landorus
62%
9 Rock & Ground Graveler, Onix, Larvitar, and 6 more...
62%
8 Water & Flying Gyarados, Pelipper, Cramorant, and 5 more...
62%
4 Bug & Fighting Heracross, Buzzwole, Slither Wing, and 1 more...
62%
7 Grass & Flying Hoppip, Shaymin Sky Forme, Rowlett, and 4 more...
62%
5 Dark & Dragon Hydreigon, Guzzlord, Roaring Moon, and 2 more...
62%
5 Normal & Fairy Jigglypuff, Azurill, Mega Audino, and 2 more...
62%
4 Bug & Electric Joltik, Charjabug, Vikavolt, and 1 more...
62%
5 Ice & Psychic Jynx, Mr. Rime, Ice Rider Calyrex, and 2 more...
62%
5 Water & Dragon Kingdra, Palkia, Dracovish, and 2 more..
62%
8 Ghost & Fire Lampent, Blacephalon, Skeledirge, and 5 more...
62%
8 Water & Ice Lapras, Walrein, Iron Bundle, and 5 more...
62%
4 Electric & Steel Magnemite, Magneton, Togedemaru, and 1 more...
62%
4 Fighting & Psychic Meditite, Gallade, Mega Mewtwo X, and 1 more...
62%
17 Ghost Misdreavus, Duskinoir, Gimmighoul, and 14 more...
62%
9 Psychic & Flying Natu, Lugia, Oricorio Pa'u Style, and 6 more...
62%
11 Rock & Water Omanyte, Relicanth, Barbaracle, and 8 more...
62%
4 Dragon & Fire Reshiram, Mega Charizard X, Gouging Fire, and 1 more...
62%
6 Water & Dark Sharpedo, Greninja, Hisuian Samurott, and 3 more...
62%
7 Grass & Dark Shiftry, Zarude, Wo-Chien, and 4 more...
62%
6 Bug & Rock Shuckle, Dwebble, Kleavor, and 3 more...
62%
3 Steel & Flying Skarmory, Celesteela, Corviknight
62%
6 Steel & Ground Steelix, Excadrill, Alolan Diglett, and 3 more...
62%
5 Bug & Water Surskit, Dewpider, Golisopod, and 2 more...
62%
3 Ice & Ground Swinub, Piloswine, Mamoswine
62%
9 Water & Ground Wooper, Swampert, Gastrodon, and 6 more...
62%
7 Electric & Flying Zapdos, Fan Rotom, Emolga, and 4 more...
62%
4 Rock & Flying Aerodactyl, Archen, Minior, and 1 more...
54%
7 Steel & Rock Aggron, Bastiodon, Stakataka, and 4 more...
54%
4 Water & Fairy Azumarill, Primarina, Tapu Fini, and 1 more...
54%
7 Fire & Fighting Blaziken, Infernape, Paldean Tauros Blaze Breed, and 4 more...
54%
5 Grass & Fighting Breloom, Virizion, Chesnaught, and 2 more...
54%
5 Poison & Fighting Croagunk, Sneasler, Okidogi, and 2 more...
54%
2 Electric & Fairy Dedenne, Tapu Koko
54%
5 Steel & Dragon Dialga, Hisuian Sliggoo, Archaludon, and 2 more...
54%
3 Water & Ghost Frillish, Jellicent, Basculegion
54%
2 Electric & Ice Frost Rotom, Arctozolt
54%
6 Normal & Psychic Girafarig, Meloetta Aria Forme, Wyrdeer, and 3 more...
54%
4 Ghost & Dragon Giratina, Dreepy, Dragapult, and 1 more...
54%
6 Ground & Ghost Golurk, Sandygast, Runerigus, and 3 more...
54%
10 Ghost & Grass Gourgeist, Decidueye, Sinistcha, and 7 more...
54%
3 Fighting & Flying Hawlucha, Galarian Zapdos, Flamigo
54%
4 Dark & Fire Houndour, Incineroar, Chi-Yu, and 1 more...
54%
4 Dragon & Ice Kyurem, Frigibax, Baxcalibur, and 1 more...
54%
4 Bug & Fire Larvesta, Volcarona, Centiskorch, and 1 more...
54%
3 Dragon & Psychic Latias, Latios, Ultra Necrozma
54%
3 Rock & Grass Lileep, Cradily, Cornerstone Mask Ogerpon
54%
4 Water & Grass Lotad, Lombre, Wellspring Mask Ogerpon, and 1 more...
54%
5 Fire & Rock Magcargo, Coalossal, Hisuian Growlithe, and 2 more...
54%
7 Steel & Fairy Mawile, Klefki, Tinkaton, and 4 more...
54%
7 Grass & Dragon Mega Sceptile, Alolan Exeggutor, Applin, and 4 more...
54%
4 Poison & Ground Nidoqueen, Nidoking, Clodsire, and 1 more...
54%
3 Fire & Ground Numel, Camerupt, Primal Groudon
54%
6 Bug & Grass Paras, Wormadam Plant Cloak, Swadloon, and 3 more...
54%
5 Water & Fighting Poliwrath, Keldeo, Urshifu Single Strike, and 2 more...
54%
6 Bug & Steel Scizor, Wormadam Trash Cloak, Genesect, and 3 more...
54%
7 Poison & Dark Skuntank, Alolan Grimer, Overqwil, and 4 more...
54%
6 Water & Psychic Slowpoke, Starmie, Veluza, and 3 more...
54%
3 Dark & Ice Sneasel, Weavile, Chien-Pao
54%
2 Grass & Ice Snover, Abomasnow
54%
6 Water & Poison Tentacool, Qwilfish, Skrelp, and 3 more...
54%
3 Fairy & Flying Togetic, Togekiss, Enamorus
54%
3 Flying Tornadus, Rookidee, Corvisquire
54%
3 Grass & Ground Torterra, Toedscool, Toedscruel
54%
6 Ground & Dragon Vibrava, Garchomp, Zygarde, and 3 more...
54%
5 Dragon & Electric Zekrom, Mega Ampharos, Miraidon, and 2 more...
54%
5 Dark & Normal Alolan Rattata, Galarian Linoone, Obstagoon, and 2 more...
46%
1 Normal & Water Bibarel
46%
2 Rock & Fairy Carbink, Diance
46%
5 Normal & Grass Deerling, Sawsbuck, Smoliv, and 2 more...
46%
2 Normal & Ground Diggersby, Ursaluna
46%
4 Steel & Ghost Doublade, Aegislash, Gholdengo, and 1 more...
46%
3 Poison & Dragon Dragalge, Naganadel, Eternatus
46%
3 Ghost & Flying Drifloon, Drifblim, Oricorio Sensu Style
46%
5 Grass & Psychic Exeggcute, Celebi, Calyrex, and 2 more...
46%
3 Grass & Steel Ferroseed, Ferrothorn, Kartana
46%
1 Ice & Ghost Froslass
46%
3 Dragon & Fighting Hakamo-o, Kommo-o, Koraidon
46%
1 Fire & Steel Heatran
46%
2 Electric & Normal Helioptile, Heliolisk
46%
3 Dark & Fairy Impidimp, Morgrem, Grimmsnarl
46%
3 Dark & Psychic Inkay, Malamar, Hoopa Unbound
46%
2 Fire & Normal Litleo, Pyroar
46%
3 Fighting & Steel Lucario, Cobalion, Zamazenta Crowned
46%
4 Normal & Fighting Meloetta Pirouette Forme, Mega Lopunny, Bewear, and 1 more...
46%
3 Electric & Grass Mow Rotom, Hisuian Voltorb, Hisuian Electrode
46%
2 Bug & Ground Nincada, Wormadam Sandy Cloak
46%
3 Dark & Steel Pawniard, Bisharp, Kingambit
46%
1 Electric & Ghost Rotom
46%
3 Poison & Fire Salandit, Salazzle, Iron Moth
46%
4 Ground & Dark Sandile, Krookodile, Ting-Lu, and 1 more...
46%
4 Dark & Fighting Scraggy, Pangoro, Urshifu Rapid Strike, and 1 more...
46%
1 Bug & Ghost Shedinja
46%
3 Rock & Psychic Solrock, Lunatone, Iron Boulder
46%
2 Ground & Electric Stunfisk, Sandy Shocks
46%
4 Psychic & Fire Victini, Darmanitan Zen Mode, Ceruledge, and 1 more...
46%
5 Grass & Fairy Whimsicott, Morelull, Tapu Bulu, and 2 more...
46%
3 Poison & Flying Zubat, Golbat, Crobat
46%
4 Rock & Electric Alolan Geodude, Alolan Golem, Iron Thorns, and 1 more...
38%
3 Rock & Ice Amaura, Aurorus, Hisuian Avalugg
38%
2 Ice & Flying Arcticuno, Delibird
38%
2 Ground & Psychic Baltoy, Claydol
38%
1 Fighting & Ice Crabominable
38%
2 Bug & Fairy Cutiefly, Ribombee
38%
3 Bug & Psychic Dottler, Orbeetle, Rabsca
38%
2 Normal & Dragon Drampa, Cyclizar
38%
1 Water & Steel Empoleon
38%
2 Fighting & Ghost Marshadow, Annihilape
38%
2 Ghost & Fairy Mimikyu, Flutter Mane
38%
3 Electric & Fighting Pawmo, Pawmot, Iron Hands
38%
2 Dark & Ghost Sableye
38%
2 Fire & Grass Scovillain, Hearthfire Mask Ogerpon
38%
2 Poison & Normal Shroodle, Grafaiai
38%
2 Ice & Bug Snom, Frosmoth
38%
2 Electric & Poison Toxel, Toxitricity
38%
2 Rock & Dragon Tyrunt, Tyrantrum
38%
2 Steel & Poison Varoom, Revavroom
38%
1 Fire & Water Volcanion
38%
2 Ice & Steel Alolan Sandshrew, Alolan Sandslash
31%
3 Poison & Psychic Galarian Slowbro, Galarian Slowking, Munkidori
31%
1 Electric & Fire Heat Rotom
31%
2 Normal & Ghost Hisuian Zorua, Hisuian Zoroark
31%
4 Psychic & Ghost Hoopa Confined, Dawn Mane Necrozma, Shadow Rider Calyrex, and 1 more...
31%
3 Rock & Poison Nihilego, Glimmet, Glimmora
31%
1 Electric & Psychic Alolan Raichu
23%
2 Poison & Fairy Galarian Weezing, Fezandipiti
23%
1 Bug & Dark Lokix
23%
1 Rock & Dark Tyranitar
23%
1 Ice & Fire Galarian Darmanitan Zen Mode
15%
1 Ground & Fighting Great Tusk
15%
1 Fairy & Fighting Iron Valiant
15%
1 Dragon & Fairy Mega Altaria
15%
1 Electric & Dark Morpeko
15%
1 Rock & Fighting Terrakion
15%
1 Ice & Fairy Alolan Ninetails
8%
No matching quizzes found
Score Distribution
Percent of People with Each Score
Percentile by Number Answered
Your Score History
You have not taken this quiz since the last reset